000 00690nam a2200145 a 4500
008 200819s2013 xx |||||||||||||| || u
050 _aPMRC(02)2013/1
245 0 4 _aThe state of the energy sector in Zambia : implications for industrial development, jobs and poverty reduction
_cBy Salim Kaunda
260 _a
_bPolicy Monitoring and Research Centre (PMRC)
_c2013
300 _a21 pages : illustrations
650 _aRENEWABLE ENERERGY SOURCES--ZAMBIA
650 _aNON-RENEWABLE ENERERGY SOURCES--ZAMBIA
650 _aINDUSTRIES--ENERGY CONSUMPTION
995 _FCBU-MAIN LIBRARY (Kitwe)
_M1
_UAVAILABLE
_WOct 22, 2020
_ZZambiana Collection
999 _c58218
_d58218